00889nam a22002417a 450000500170000001000150001702000270003203500130005903700130007208200120008510000140009724500590011126000360017027000700020630000250027650000510030165000340035265000440038665000470043094200260047799900170050395201270052020150407110242.0 aENG-112516 a9789381904749c1699.00 aEN-96048 bDBAD/PUB a577.274 aJha, U.C.00aWeapons of war :cby U.C. Jhabenvironmental impact / aNew DelhibKW Publishers c2013 a4676/21, First Floor, Ansari Road, Daryaganj, bNew Delhie110002 axiii,450p.c24cm(Hb) aIncludes bibliographical references and index  a War xEnvironmental aspects. aNuclear weaponsxEnvironmental aspects. aNuclear explosionsxEnvironmental aspects. 2ddccENmJHAh577.274 c92537d92537 001040718NFICaDBADbDBADd2015-03-26eDBAD/PUBg1699.00l0o577.274 JHApEN-96048r2015-03-26 00:00:00t1v1699.00yEN